000
00333nam a2200133Ia 4500
008
240624s9999 xx 000 0 und d
041
_a
eng
082
_a
891.46 CHA
100
_a
CHARI S N
245
_a
AISE BOLALE BUSINESS GURU
260
_c
2008
_a
New Delhi
_b
Macmillan
300
_a
viii, : 275 : p. : cm. ; 21
365
_c
RS
_b
32
999
_c
21630
_d
21630